000 00689nam a2200289Ia 4500
005 20260324135819.0
008 008 260324s9999 xx 000 0 eng d
020 _a9781315783703
037 _aEBOOK
040 _aCRL
040 _beng
040 _cCRL
041 _2eng
041 _aeng
084 _qCRL
100 _aKenneth S Yeager
_91202017
245 0 _aTrailblazers
245 0 _bProfiles of America's Gay and Lesbian Elected Officials
260 _bTaylor and Francis
260 _c1999
365 _a
365 _b240
856 _uhttp://www.taylorfrancis.com/books/9781315783703
942 _cEBOOK
999 _c1803478
_d1803478